[Event "1/128 Finale"]
[Site "www.chess-mail.com"]
[Date "2016.07.10"]
[Round "1"]
[White "Emmanuel69"]
[Black "Pimpampum"]
[WhiteElo "1840"]
[BlackElo "2190"]
[Result "0-1"]
[Round "1"]
1.c4 c6
2.d4 d5
3.e3 Ng8f6
4.h3 Bc8f5
5.Ng1f3 e6
6.Nb1c3 Nb8d7
7.a3 a6
8.Bf1d3 Bf5g6
9.O-O Bf8d6
10.cxd5 cxd5
11.Rf1e1 O-O
12.b4 Ra8c8
13.Bc1b2 Nd7b6
14.Bd3xg6 hxg6
15.Ra1c1 Nb6c4
16.Re1e2 Qd8d7
17.Nf3d2 Nc4xb2
18.Qd1c2 Nb2c4
19.Qc2a2 b5
20.Qa2a1 Bd6b8
21.Qa1a2 Qd7d6
22.g3 Nf6h5
23.Nd2f1 e5
24.dxe5 Qd6xe5
25.Re2c2 d4
26.exd4 Qe5xd4
27.Nc3e2 Qd4d3
28.Rc2c3 Qd3d7
29.Kg2 Qd7b7
30.Kg1 Nc4e5
31.Nf1d2 Rc8d8
32.f4 Rd8xd2
33.Qa2xd2 Ne5f3
34.Rc3xf3 Qb7xf3
35.Qd2e1 Rf8e8
36.Rc1c2 Qf3xa3
37.Kg2 Qa3d3
38.Qe1d2 Qd3e4
39.Kh2 Qe4f3
40.Rc2a2 Qf3f2
41.Kh1 Nh5xg3
42.Ne2xg3 Re8e1
43.Qd2xe1 Qf2xe1
44.Kh2 Bb8xf4
{ resign }
0-1

[Event "Tourn. n8828"]
[Site "www.chess-mail.com"]
[Date "2016.07.11"]
[Round "1"]
[White "Genius2"]
[Black "Kampungboy"]
[WhiteElo "2110"]
[BlackElo "2009"]
[Result "0-1"]
[Round "1"]
1.d4 Ng8f6
2.c4 g6
3.g3 d5
4.cxd5 Nf6xd5
5.Bf1g2 Bf8g7
6.Ng1f3 O-O
7.O-O c6
8.e4 Nd5b6
9.e5 Nb8a6
10.Nb1c3 Na6c7
11.Bc1e3 f6
12.exf6 exf6
13.Qd1e2 Rf8e8
14.Rf1e1 Nc7d5
 { time }
0-1

[Event "Tourn. n8742"]
[Site "www.chess-mail.com"]
[Date "2016.07.11"]
[Round "1"]
[White "Bojan"]
[Black "Genius2"]
[WhiteElo "1820"]
[BlackElo "2000"]
[Result "1-0"]
[Round "1"]
1.e4 c5
2.Ng1f3 Nb8c6
3.b3 d6
4.Bc1b2 Ng8f6
5.Qd1e2 e5
6.Nb1c3 Bf8e7
7.h3 O-O
8.Nc3d5 Nf6xd5
9.exd5 Nc6b8
10.Nf3h2 f5
11.d3 Be7f6
12.Qe2d2 Nb8d7
13.Bf1e2 b5
14.c4 a6
15.O-O Bc8b7
16.Qd2e3 Qd8e7
17.f3 b4
18.a3 a5
19.axb4 axb4
20.f4 Ra8xa1
21.Rf1xa1 Rf8a8
22.Nh2f3 Ra8xa1
23.Bb2xa1 Kf7
24.Nf3g5 Kg8
25.h4 exf4
26.Qe3xe7 Bf6xe7
27.Ng5e6 Be7f6
28.Ba1xf6 Nd7xf6
29.Ne6xf4 Kf7
30.Kh2 g6
31.Nf4e6 Bb7c8
32.Ne6g5 Kg7
33.Kg3 h6
34.Ng5f3 Bc8d7
35.d4 Kf7
36.dxc5 dxc5
37.Nf3e5 Kg7
38.Ne5xd7 Nf6xd7
39.Kf4 Kf6
40.h5 g5
41.Ke3 Ke5
42.g3 Nd7f6
43.Be2f3 g4
44.Bf3e2 Nf6xh5
45.Kf2 Nh5f6
46.Ke3 h5
47.Be2f1 Nf6e4
48.Bf1d3  { time }
1-0

[Event "Tourn. n8873"]
[Site "www.chess-mail.com"]
[Date "2016.07.11"]
[Round "1"]
[White "Biggles"]
[Black "Picifarkinca"]
[WhiteElo "2080"]
[BlackElo "1980"]
[Result "1-0"]
[Round "1"]
1.e4 Nb8c6
2.Ng1f3 e5
3.Bf1b5 a6
4.Bb5a4 Ng8f6
5.Nb1c3 d6
6.O-O Bf8e7
7.d4 b5
8.Ba4b3 O-O
9.Rf1e1 Bc8b7
10.Bc1g5 Nc6a5
11.dxe5 Na5xb3
12.exf6 Be7xf6
13.Bg5xf6 Qd8xf6
14.cxb3 { resign }
1-0

[Event "Tourn. n8779"]
[Site "www.chess-mail.com"]
[Date "2016.07.11"]
[Round "1"]
[White "Genius2"]
[Black "Jhzes"]
[WhiteElo "2080"]
[BlackElo "2209"]
[Result "0-1"]
[Round "1"]
1.d4 d5
2.c4 dxc4
3.e4 c5
4.Ng1f3 b5
5.a4 Qd8a5
6.Bc1d2 Qa5a6
7.dxc5 Bc8g4
8.Nb1c3 bxa4
9.Ra1xa4 Qa6c6
10.Bf1xc4 Qc6xc5
11.Bd2e3 Qc5c7
12.Bc4b5 Nb8c6
13.Ra4c4 Bg4d7
14.O-O Ng8f6
15.Bb5xc6 Bd7xc6
16.Nf3d4 Ra8d8
17.Rc4xc6 Qc7b8
18.Qd1a4 Rd8d7
19.e5 Nf6g4
 { time }
0-1

[Event "Tourn. n8831"]
[Site "www.chess-mail.com"]
[Date "2016.07.11"]
[Round "1"]
[White "Cal"]
[Black "Gatrooper"]
[WhiteElo "1650"]
[BlackElo "1630"]
[Result "0-1"]
[Round "1"]
1.Nb1c3 Ng8f6
2.e4 Nb8c6
3.h3 Nc6d4
4.d3 d6
5.a3 e5
6.Bc1g5 h6
7.Bg5xf6 Qd8xf6
8.Ng1f3 Nd4xf3
9.Qd1xf3 Qf6e7
10.b4 Bc8e6
11.Nc3b5 Ra8c8
12.c4 a6
13.Nb5c3 h5
14.Bf1e2 g6
15.O-O g5
16.Ra1d1 g4
17.hxg4 hxg4
18.Qf3e3 Qe7h4
19.f4 g3
20.Qe3xg3 Qh4xg3
21.Rf1f3 Qg3g7
22.Kf2 Rh8h2
23.Rf3g3 Qg7f6
24.f5 Be6d7
25.Be2g4 Bf8h6
26.Bg4h3 c6
27.Kg1 Rh2xh3
28.Rg3xh3 Ke7
29.c5 dxc5
30.bxc5 Rc8g8
31.a4 Qf6g5
32.Rh3h2 Qg5e3
33.Kh1 Qe3g3
34.Nc3e2 Qg3g5
35.g3 Qg5e3
36.Ne2g1 Rg8xg3
37.Rd1f1 Bh6f4
38.Ng1e2 Rg3f3
39.Ne2xf4 Rf3xf1
40.Kg2 Qe3f3
{ resign }
0-1

[Event "Tourn. n8837"]
[Site "www.chess-mail.com"]
[Date "2016.07.11"]
[Round "1"]
[White "Genius2"]
[Black "Pimpampum"]
[WhiteElo "2110"]
[BlackElo "2180"]
[Result "0-1"]
[Round "1"]
1.e4 e5
2.Ng1f3 Ng8f6
3.Nf3xe5 d6
4.Ne5f3 Nf6xe4
5.Qd1e2 Qd8e7
6.d3 Ne4f6
7.Bc1g5 Qe7xe2
8.Bf1xe2 Bf8e7
9.Nb1c3 Bc8d7
10.h3 Nb8c6
11.O-O-O O-O-O
12.a3 h6
13.Bg5h4 g5
14.Bh4g3 Nf6h5
15.Bg3h2 f5
 { time }
0-1

[Event "Tourn. n8787"]
[Site "www.chess-mail.com"]
[Date "2016.07.11"]
[Round "1"]
[White "Claudia"]
[Black "Gambarulo"]
[WhiteElo "1880"]
[BlackElo "1700"]
[Result "1-0"]
[Round "1"]
1.d4 d5
2.c4 e6
3.Nb1c3 Ng8f6
4.cxd5 exd5
5.Bc1g5 Bf8e7
6.e3 O-O
7.Bf1d3 c6
8.Qd1c2 h6
9.Bg5h4 Nb8d7
10.Ng1f3 Rf8e8
11.O-O b6
12.Ra1b1 Bc8b7
13.b4 Ra8c8
14.Bd3f5 Rc8c7
15.Rf1c1 Nd7f8
16.Nf3e5 Nf8e6
17.Bf5xe6 { resign }
1-0

[Event "Tourn. n8827"]
[Site "www.chess-mail.com"]
[Date "2016.07.11"]
[Round "1"]
[White "Genius9"]
[Black "Wwgia"]
[WhiteElo "1850"]
[BlackElo "2010"]
[Result "0-1"]
[Round "1"]
1.Ng1f3 d5
2.g3 g6
3.Bf1g2 Bf8g7
4.d4 Ng8f6
5.O-O O-O
6.Nf3e5 c5
7.c3 Nb8c6
8.Ne5xc6 bxc6
9.Nb1d2 Bc8a6
 { time }
0-1

[Event "Tourn. n8846"]
[Site "www.chess-mail.com"]
[Date "2016.07.11"]
[Round "1"]
[White "Genius2"]
[Black "Hundegana"]
[WhiteElo "2070"]
[BlackElo "2090"]
[Result "0-1"]
[Round "1"]
1.d4 f5
2.c4 g6
3.Ng1f3 Bf8g7
4.Nb1c3 c6
5.e4 fxe4
6.Nc3xe4 Ng8f6
7.Bf1d3 O-O
 { time }
0-1

[Event "Tourn. n8802"]
[Site "www.chess-mail.com"]
[Date "2016.07.11"]
[Round "1"]
[White "Passaroa25"]
[Black "Daquata"]
[WhiteElo "1570"]
[BlackElo "1690"]
[Result "0-1"]
[Round "1"]
1.e4 e5
2.Ng1e2 Ng8f6
3.Ne2g3 Nb8c6
4.c3 d5
5.d3 dxe4
6.Ng3xe4 Nf6xe4
7.dxe4 Qd8xd1
8.Kxd1 Bf8c5
9.Bc1e3 Bc5xe3
10.fxe3 Bc8g4
11.Bf1e2 O-O-O
12.Nb1d2 Bg4xe2
13.Kxe2 Rd8d7
14.Rh1d1 Rh8d8
15.Ra1c1 Rd7d3
16.Kf3 Rd3xd2
17.Rd1xd2 Rd8xd2
18.Rc1b1 Kd7
19.h4 Ke6
20.b4 Rd2xa2
21.Rb1c1 f6
22.b5 Nc6a5
23.g4 Na5c4
24.h5 Ra2b2
25.Rc1d1 Ke7
26.Rd1d5 Rb2b3
27.Rd5c5 Rb3xc3
28.Rc5xc7 Kf8
29.Rc7xc4 Rc3xc4
30.g5 a5
31.bxa6 bxa6
32.gxf6 gxf6
33.h6 a5
34.Kg4 Rc4xe4
35.Kf5 Re4xe3
36.Kxf6 a4
{ resign }
0-1

[Event "Tourn. n8787"]
[Site "www.chess-mail.com"]
[Date "2016.07.11"]
[Round "1"]
[White "Gambarulo"]
[Black "Picifarkinca"]
[WhiteElo "1700"]
[BlackElo "1870"]
[Result "0-1"]
[Round "1"]
1.e4 Ng8f6
2.e5 Nf6d5
3.d4 d6
4.Ng1f3 Bc8g4
5.Bf1e2 e6
6.h3 Bg4h5
7.O-O Nb8d7
8.c3 Bf8e7
9.Nf3h2 Bh5g6
10.f4 dxe5
11.fxe5 Be7g5
12.Nh2f3 Bg5e3
13.Kh1 Be3f4
14.Nf3g1 Qd8g5
15.Nb1a3 Nd5e3
16.Bc1xe3 Bf4xe3
17.Be2d3 Be3xg1
18.Rf1xg1 Qg5e3
19.Bd3xg6 hxg6
20.Qd1g4 O-O-O
21.Ra1e1 Qe3h6
22.Rg1f1 Rh8f8
{ resign }
0-1

[Event "Tourn. n8877"]
[Site "www.chess-mail.com"]
[Date "2016.07.11"]
[Round "1"]
[White "Jhzes"]
[Black "Caspito"]
[WhiteElo "1870"]
[BlackElo "1840"]
[Result "1/2-1/2"]
[Round "1"]
1.c4 d5
2.d4 Nb8c6
3.Nb1c3 e6
4.Bc1f4 Bf8b4
5.Qd1d2 Ng8f6
6.e3 Nf6g4
7.h3 Ng4f6
8.c5 Nf6e4
9.Qd2d3 O-O
10.Ng1e2 Bb4a5
11.a3 Ba5xc3
{ draw }
1/2-1/2

[Event "Tourn. n8826"]
[Site "www.chess-mail.com"]
[Date "2016.07.11"]
[Round "1"]
[White "Amaya"]
[Black "Genius2"]
[WhiteElo "2020"]
[BlackElo "2080"]
[Result "1-0"]
[Round "1"]
1.d4 g6
2.e3 Bf8g7
3.Bf1d3 d5
4.Nb1d2 Ng8f6
5.f4 O-O
6.Ng1f3 b6
7.O-O Bc8b7
8.Nf3e5 Nb8d7
9.Qd1f3 c5
10.c3 cxd4
11.exd4 a6
12.a3 e6
13.b4 b5
14.a4 Bb7c6
15.Ne5xc6 Qd8c7
16.axb5 axb5
17.Ra1xa8 Rf8xa8
18.Bd3xb5  { time }
1-0

[Event "Tourn. n8865"]
[Site "www.chess-mail.com"]
[Date "2016.07.11"]
[Round "1"]
[White "Jhzes"]
[Black "Caspito"]
[WhiteElo "1890"]
[BlackElo "1810"]
[Result "0-1"]
[Round "1"]
1.d4 Ng8f6
2.Bc1f4 d6
3.f3 g6
4.e4 Bf8g7
5.c3 Nb8d7
6.Bf1c4 O-O
7.Qd1b3 b6
8.e5 dxe5
9.dxe5 Nd7c5
10.Qb3b4 Bc8e6
11.exf6 exf6
12.Ng1e2 Rf8e8
13.O-O a5
14.Qb4a3 Be6xc4
15.Nb1d2 Bc4xe2
16.Rf1e1 a4
17.Nd2e4 Nc5d3
18.Re1xe2 Bg7f8
19.b4 Nd3xf4
20.Re2e3 f5
21.Kf2 Qd8h4
22.Kg1 fxe4
23.g3 Nf4h3
24.Kg2 exf3
25.Re3xf3 Re8e2
26.Kh1 Qh4e4
27.Ra1f1 Qe4c2
{ resign }
0-1

[Event "Tourn. n8841"]
[Site "www.chess-mail.com"]
[Date "2016.07.11"]
[Round "1"]
[White "Genius2"]
[Black "Frisker"]
[WhiteElo "2090"]
[BlackElo "2119"]
[Result "0-1"]
[Round "1"]
1.d4 Ng8f6
2.c4 g6
3.b3 Bf8g7
4.Bc1b2 O-O
5.Ng1f3 b6
6.e3 d5
7.Nb1d2 Bc8b7
8.Bf1e2 Nb8d7
9.cxd5 Nf6xd5
10.O-O c5
11.Qd1c2 Ra8c8
12.dxc5 e5
13.Be2c4 Nd7xc5
 { time }
0-1

[Event "Tourn. n8832"]
[Site "www.chess-mail.com"]
[Date "2016.07.11"]
[Round "1"]
[White "Genius9"]
[Black "Wegaman"]
[WhiteElo "1850"]
[BlackElo "1900"]
[Result "0-1"]
[Round "1"]
1.d4 d5
2.c4 e6
3.Nb1c3 Ng8f6
4.cxd5 exd5
5.Bc1g5 Bf8e7
6.e3 O-O
7.Bf1d3 h6
8.Bg5xf6 Be7xf6
9.Ng1f3 Rf8e8
10.O-O Bc8g4
11.h3 Bg4h5
12.Bd3e2 c6
 { time }
0-1

[Event "Tourn. n8809"]
[Site "www.chess-mail.com"]
[Date "2016.07.11"]
[Round "1"]
[White "Gearoidmac"]
[Black "B0zata"]
[WhiteElo "2200"]
[BlackElo "2260"]
[Result "1-0"]
[Round "1"]
1.e4 e5
2.Ng1f3 d6
3.d4 exd4
4.Qd1xd4 Nb8c6
5.Bf1b5 Bc8d7
6.Bb5xc6 Bd7xc6
7.Nb1c3 Ng8f6
8.O-O Bf8e7
9.Bc1e3 O-O
10.Rf1e1 Nf6g4
11.Be3f4 Be7f6
12.Qd4d3 Rf8e8
13.Nf3d4 Bf6e5
14.Bf4xe5 Ng4xe5
15.Qd3g3 Qd8f6
16.Ra1d1 Ne5c4
17.b3 Nc4b2
18.Rd1d2 Bc6d7
19.Nc3d5 Qf6h6
20.f4 Ra8c8
21.c4 c6
22.Nd5c3 Qh6f6
23.e5 dxe5
24.fxe5 Qf6e7
25.Rd2xb2 Qe7b4
26.Nc3e4 Re8xe5
27.Ne4f6 Kh8
28.Re1xe5 gxf6
29.Re5e3 Rc8g8
30.Qg3f4 a5
31.Qf4xf6 Rg8g7
32.Nd4f5 Qb4f8
33.Nf5xg7 Qf8xg7
34.Qf6d8 Qg7g8
35.Qd8xd7 { resign }
1-0

[Event "Tourn. n8748"]
[Site "www.chess-mail.com"]
[Date "2016.07.11"]
[Round "1"]
[White "Genius2"]
[Black "Ffdd65"]
[WhiteElo "2040"]
[BlackElo "2220"]
[Result "0-1"]
[Round "1"]
1.e4 e5
2.Nb1c3 Ng8f6
3.g3 Bf8b4
4.Bf1g2 O-O
5.Ng1e2 Nb8c6
6.O-O d6
7.h3 Bc8e6
8.d3 Qd8d7
9.Kh2 h6
10.f4 Qd7e7
11.f5 Be6d7
12.a3 Bb4c5
13.g4 Nc6d4
14.Ne2g3 g5
15.Nc3e2 Nf6h7
16.Ne2xd4 Bc5xd4
17.c3 Bd4b6
18.Ng3h5 f6
19.Qd1e2 Bd7e8
20.Bc1e3 Bb6xe3
21.Qe2xe3 Be8xh5
22.gxh5 Rf8f7
23.d4 Rf7g7
24.d5 Kh8
25.Bg2f3 b6
26.c4 Nh7f8
27.Bf3g4 Nf8d7
28.b4 a6
29.a4 a5
 { time }
0-1

[Event "Match"]
[Site "www.echecsemail.com"]
[Date "2016.07.11"]
[Round "1"]
[White "Jhzes"]
[Black "Paco"]
[WhiteElo "1809"]
[BlackElo "1880"]
[Result "1-0"]
[Round "1"]
1.c4 e5
2.e4 Ng8f6
3.Qd1c2 Bf8c5
4.Bf1e2 d6
5.h3 Nb8c6
6.Ng1f3 Nc6b4
7.Qc2b3 Nf6xe4
8.O-O Qd8f6
9.d3 Ne4g3
10.Bc1g5 Qf6g6
11.Rf1e1 h6
12.Bg5e3 Ng3xe2
13.Re1xe2 Nb4xd3
14.Be3xc5 Nd3xc5
15.Qb3b5 c6
16.Qb5a5 Bc8xh3
17.g3 Nc5d3
18.Qa5c3 Bh3g4
19.Nb1d2 Nd3f4
20.Re2e4 f5
21.Nf3xe5  { time }
1-0

[Event "Match"]
[Site "www.echecsemail.com"]
[Date "2016.07.11"]
[Round "1"]
[White "Ericleo1980"]
[Black "Genius2"]
[WhiteElo "2210"]
[BlackElo "2070"]
[Result "1-0"]
[Round "1"]
1.e4 e6
2.d4 d5
3.Nb1c3 Bf8b4
4.e5 b6
5.Qd1g4 Bb4f8
6.a3 Bc8a6
7.Bf1e2 Ba6xe2
8.Ng1xe2 Qd8d7
9.O-O f6
10.f4 Nb8c6
11.b4 O-O-O
12.Bc1e3 Ng8h6
13.Qg4h3 Nh6f5
14.Be3f2 fxe5
15.fxe5 g5
16.Qh3d3 h5
17.Qd3a6 Kb8
18.Rf1b1 Qd7c8
19.Qa6d3 Bf8h6
20.Ne2c1  { time }
1-0

[Event "Match"]
[Site "www.echecsemail.com"]
[Date "2016.07.11"]
[Round "1"]
[White "Wagner"]
[Black "Daquata"]
[WhiteElo "1810"]
[BlackElo "1750"]
[Result "0-1"]
[Round "1"]
1.e4 e5
2.Bf1c4 Ng8f6
3.Qd1f3 Nb8c6
4.Ng1h3 Nc6d4
5.Qf3d3 d6
6.Nh3g5 Nd4e6
7.Bc4xe6 fxe6
8.Qd3b3 d5
9.d3 Bf8e7
10.c3 O-O
11.Qb3d1 Nf6xe4
12.dxe4 Be7xg5
13.Bc1xg5 Qd8xg5
14.g3 Qg5f6
15.Rh1f1 c6
16.Nb1d2 Bc8d7
17.Qd1c2 c5
18.O-O-O d4
19.Nd2c4 Bd7b5
20.Qc2b3 Bb5xc4
21.Qb3xc4 a6
22.f4 exf4
23.h4 Qf6e7
24.cxd4 cxd4
25.Qc4xd4 Ra8d8
26.Qd4e5 Rd8xd1
27.Rf1xd1 f3
28.Rd1f1 Qe7f6
29.Qe5h5 f2
30.Kd1 Qf6xb2
31.Qh5e2 Rf8d8
32.Qe2d2 Qb2xd2
{ resign }
0-1

[Event "Match"]
[Site "www.echecsemail.com"]
[Date "2016.07.11"]
[Round "1"]
[White "Add"]
[Black "Pinehill"]
[WhiteElo "2010"]
[BlackElo "2070"]
[Result "1-0"]
[Round "1"]
1.e4 d5
2.exd5 Ng8f6
3.Nb1c3 g6
4.Bf1c4 Bf8g7
5.d4 Nb8d7
6.h3 Nd7b6
7.Bc4b5 Bc8d7
8.Bb5xd7 Qd8xd7
9.Ng1f3 O-O-O
10.Bc1e3 Nb6xd5
11.Nc3xd5 Nf6xd5
12.O-O Nd5xe3
13.fxe3 Qd7b5
14.Ra1b1 e5
15.c3 exd4
16.cxd4 Rh8e8
17.Rf1e1 Bg7h6
18.e4 Bh6f4
19.Qd1c2 Qb5b6
20.Qc2c4 Bf4g3
21.Re1e2 f5
22.exf5 Re8xe2
23.Qc4xe2 gxf5
24.b3 Kb8
25.Qe2e7 c6
26.Qe7xh7 f4
27.Qh7e4 Ka8
28.Qe4e2 c5
29.dxc5 Qb6xc5
30.Kh1 Rd8h8
31.b4 Qc5f5
32.Rb1c1 a6
33.Qe2b2 Rh8g8
34.a4 Qf5d5
35.b5 a5
36.Qb2c3 b6
37.Qc3c2 Rg8d8
38.Qc2c7 Rd8h8
39.Qc7xb6 Rh8xh3
40.gxh3 Qd5xf3
41.Kg1 Qf3e3
42.Qb6xe3 fxe3
43.Rc1c2 Kb7
44.Kg2 Bg3f4
45.h4 { resign }
1-0

[Event "Tourn. n8841"]
[Site "www.chess-mail.com"]
[Date "2016.07.12"]
[Round "1"]
[White "Genius2"]
[Black "Pimpampum"]
[WhiteElo "2110"]
[BlackElo "2190"]
[Result "0-1"]
[Round "1"]
1.Ng1f3 Ng8f6
2.c4 b5
3.cxb5 a6
4.e4 Nf6xe4
5.d4 d5
6.Bf1d3 e6
7.O-O Bf8d6
8.Qd1e2 Bc8b7
9.bxa6 Nb8xa6
10.a3 O-O
11.Nb1d2 Ne4xd2
12.Bc1xd2 c5
13.dxc5 Na6xc5
14.b4 Nc5b3
15.Ra1a2 Nb3xd2
 { time }
0-1

[Event "Tourn. n8812"]
[Site "www.chess-mail.com"]
[Date "2016.07.12"]
[Round "1"]
[White "Gimmyg"]
[Black "Raven16"]
[WhiteElo "2520"]
[BlackElo "2220"]
[Result "1-0"]
[Round "1"]
1.e4 e5
2.g3 Ng8f6
3.d3 d5
4.Bf1g2 dxe4
5.dxe4 Qd8xd1
6.Kxd1 Bf8c5
7.Bc1e3 Bc5xe3
8.fxe3 Bc8g4
9.Kc1 Nb8c6
10.Nb1c3 O-O-O
11.h3 Bg4h5
12.Ng1f3 Bh5xf3
13.Bg2xf3 Kd7
14.Nc3d5 Nf6xd5
15.exd5 Nc6e7
16.b3 f5
17.e4 g6
18.Kb2 fxe4
19.Bf3xe4 Ne7f5
20.Ra1g1 Rh8f8
21.h4 Nf5d4
22.Rg1e1 Rf8f2
23.h5 Rd8g8
24.hxg6 hxg6
25.Re1e3 Rf2e2
26.Re3xe2 Nd4xe2
27.Rh1h3 g5
28.Be4f3 Ne2d4
29.Bf3g4 Kd6
30.c3 Kxd5
31.cxd4 Kxd4
32.Rh3h7 Rg8f8
33.Rh7xc7 Rf8f2
34.Ka3 Rf2g2
35.Rc7xb7 Rg2xg3
36.Rb7xa7 e4
37.Bg4d1 e3
38.Kb2 Rg3g2
39.Bd1c2 e2
40.Ra7e7 g4
41.Re7e4 Kd5
42.Kc3 g3
43.Bc2d3 Rg2f2
44.Re4xe2 Rf2h2
45.Bd3e4 { resign }
1-0

[Event "Tourn. n8816"]
[Site "www.chess-mail.com"]
[Date "2016.07.12"]
[Round "1"]
[White "Osopanda"]
[Black "Bojan"]
[WhiteElo "1980"]
[BlackElo "1930"]
[Result "0-1"]
[Round "1"]
1.c4 g6
2.d4 d5
3.Nb1c3 dxc4
4.e4 Bf8g7
5.Ng1f3 a6
6.Bf1xc4 Bc8g4
7.Bc1e3 Nb8c6
8.Nc3d5 e6
9.Nd5f4 Ng8e7
10.O-O b6
11.d5 Nc6a5
12.Bc4e2 Bg7xb2
13.Ra1b1 Bb2f6
14.dxe6 fxe6
15.e5 Bf6g7
16.h3 Bg4f5
17.Rb1b4 Qd8xd1
18.Rf1xd1 h5
19.Nf3d4 Bg7xe5
20.Nd4xf5 Ne7xf5
21.Nf4xg6 Nf5xe3
22.fxe3 Be5c3
23.Rb4e4 Rh8h6
24.Re4xe6 Kf7
25.Re6e7 Kxg6
26.Be2d3 Kg5
27.Rd1f1 Rh6f6
28.Re7g7 Kh6
29.Rf1xf6 Kxg7
30.Rf6g6 Kf7
31.Rg6h6 Ra8h8
32.Bd3g6 Ke6
33.Rh6xh8 Bc3xh8
34.Bg6xh5 Na5c4
35.Bh5e2 b5
{ resign }
0-1

[Event "Tourn. n8837"]
[Site "www.chess-mail.com"]
[Date "2016.07.12"]
[Round "1"]
[White "Osopanda"]
[Black "Genius2"]
[WhiteElo "2000"]
[BlackElo "2110"]
[Result "1-0"]
[Round "1"]
1.e4 d6
2.d4 Ng8f6
3.Bf1d3 e5
4.c3 exd4
5.cxd4 Bf8e7
6.Ng1f3 O-O
7.O-O Nb8d7
8.Nb1c3 c6
9.e5 dxe5
10.dxe5 Nf6d5
11.Rf1e1 Nd7c5
12.Bd3c2  { time }
1-0

[Event "Tourn. n8837"]
[Site "www.chess-mail.com"]
[Date "2016.07.12"]
[Round "1"]
[White "Genius2"]
[Black "Libiesse"]
[WhiteElo "2110"]
[BlackElo "2050"]
[Result "0-1"]
[Round "1"]
1.d4 d5
2.Bc1f4 e6
3.e3 Ng8f6
4.Ng1f3 Nb8d7
5.Bf1e2 c5
6.c3 Bf8e7
7.O-O cxd4
8.exd4 O-O
9.Nf3e5 Nd7xe5
10.Bf4xe5 Bc8d7
11.Nb1d2 Rf8e8
12.Nd2f3 Nf6g4
13.Be5g3 a6
 { time }
0-1

[Event "Tourn. n8837"]
[Site "www.chess-mail.com"]
[Date "2016.07.12"]
[Round "1"]
[White "Kampungboy"]
[Black "Genius2"]
[WhiteElo "2010"]
[BlackElo "2110"]
[Result "1-0"]
[Round "1"]
1.e4 c5
2.d4 cxd4
3.c3 d5
4.exd5 Qd8xd5
5.cxd4 Nb8c6
6.Ng1f3 e5
7.Nb1c3 Bf8b4
8.Bc1d2 Bb4xc3
9.Bd2xc3 e4
10.Nf3e5 Nc6xe5
11.dxe5 Ng8e7
12.Qd1e2 O-O
13.Ra1d1 Qd5e6
14.Qe2xe4  { time }
1-0

[Event "Tourn. n8796"]
[Site "www.chess-mail.com"]
[Date "2016.07.12"]
[Round "1"]
[White "Awfen"]
[Black "Esperanza"]
[WhiteElo "2020"]
[BlackElo "1819"]
[Result "0-1"]
[Round "1"]
1.e4 e6
2.Ng1f3 d5
3.exd5 exd5
4.d4 Ng8f6
5.Nb1c3 Bf8e7
6.Bf1d3 O-O
7.O-O c6
8.Nf3e5 Nb8d7
9.Qd1f3 Nd7xe5
10.dxe5 Nf6d7
11.Qf3h5 g6
12.Qh5e2 Nd7c5
13.Bc1h6 Rf8e8
14.f4 Nc5xd3
15.cxd3 Be7f8
16.Bh6g5 Qd8b6
17.Kh1 Bf8g7
18.Nc3a4 Qb6d4
19.Na4c3 Bc8f5
20.Ra1d1 f6
21.Bg5h4 fxe5
22.Qe2d2 exf4
23.Rf1xf4 Qd4e3
24.Qd2xe3 Re8xe3
25.d4 Ra8e8
26.Bh4f2 Re3d3
27.Rd1xd3 Bf5xd3
28.Kg1 Re8f8
29.Rf4xf8 Kxf8
30.Nc3d1 Ke7
31.Bf2e3 Ke6
32.Nd1f2 Bd3c4
33.b3 Bc4a6
34.h3 h5
35.Nf2h1 b6
36.Nh1g3 h4
37.Ng3e2 Ba6xe2
38.Kf2 Be2d3
39.b4 Kf5
40.Kf3 Bd3c2
41.a3 Bg7f6
42.g4 hxg3
43.Kxg3 Ke4
44.Be3f4 Bf6xd4
45.Kg4 Bd4f6
46.Bf4g5 Bf6xg5
47.Kxg5 Ke3
48.h4 d4
{ resign }
0-1

[Event "Tourn. n8843"]
[Site "www.chess-mail.com"]
[Date "2016.07.12"]
[Round "1"]
[White "Falcoale"]
[Black "Pariolinius"]
[WhiteElo "1670"]
[BlackElo "1740"]
[Result "0-1"]
[Round "1"]
1.e4 c6
2.d4 d5
3.e5 Bc8f5
4.Ng1f3 e6
5.Nb1c3 Nb8d7
6.Bf1e2 a6
7.O-O c5
8.dxc5 Bf8xc5
9.h3 Ng8e7
 { time }
0-1

[Event "Tourn. n8837"]
[Site "www.chess-mail.com"]
[Date "2016.07.12"]
[Round "1"]
[White "Osopanda"]
[Black "Libiesse"]
[WhiteElo "2000"]
[BlackElo "2050"]
[Result "1/2-1/2"]
[Round "1"]
1.d4 d5
2.c4 e6
3.Nb1c3 Ng8f6
4.Bc1g5 Bf8e7
5.e3 O-O
6.Ng1f3 Nb8d7
7.Bf1d3 dxc4
8.Bd3xc4 Nd7b6
9.Bc4b3 h6
10.Bg5h4 c5
11.dxc5 Be7xc5
12.Qd1xd8 Rf8xd8
13.Bh4xf6 gxf6
14.O-O e5
15.Nc3e4 Bc5e7
16.Rf1d1 Bc8f5
17.Ne4g3 Bf5g6
18.Nf3h4 Kg7
19.Nh4xg6 fxg6
20.f3 Ra8c8
21.Ng3e4 f5
22.Ne4f2 Nb6c4
23.Bb3xc4 Rc8xc4
{ draw }
1/2-1/2

[Event "Tourn. n8854"]
[Site "www.chess-mail.com"]
[Date "2016.07.12"]
[Round "1"]
[White "Pwain"]
[Black "Genius2"]
[WhiteElo "2250"]
[BlackElo "2060"]
[Result "1-0"]
[Round "1"]
1.e4 e5
2.Ng1f3 Ng8f6
3.Nf3xe5 d6
4.Ne5f3 Nf6xe4
5.d4 d5
6.Bf1d3 Bf8e7
7.O-O O-O
8.Rf1e1  { time }
1-0

[Event "Tourn. n8773"]
[Site "www.chess-mail.com"]
[Date "2016.07.12"]
[Round "1"]
[White "Genius2"]
[Black "Orhany24"]
[WhiteElo "2080"]
[BlackElo "2240"]
[Result "0-1"]
[Round "1"]
1.e4 e5
2.Nb1c3 Ng8f6
3.g3 d5
4.exd5 Nf6xd5
5.Bf1g2 Bc8e6
6.Ng1e2 c6
7.O-O Bf8e7
8.d3 O-O
9.Bc1d2 f5
10.Nc3xd5 cxd5
11.f4 e4
12.dxe4 dxe4
13.Bd2c3 Nb8c6
14.Qd1xd8 Rf8xd8
15.a3 Rd8d7
16.Rf1d1 Ra8d8
17.Rd1xd7 Rd8xd7
18.Kf1 Kf7
19.Ke1 g6
20.Ra1d1 Rd7xd1
21.Kxd1 Be7c5
22.Ke1 a6
23.Kd1 b5
 { time }
0-1

[Event "Tourn. n8839"]
[Site "www.chess-mail.com"]
[Date "2016.07.12"]
[Round "1"]
[White "Nulladies"]
[Black "Azulmarino"]
[WhiteElo "1550"]
[BlackElo "1570"]
[Result "0-1"]
[Round "1"]
1.d4 d5
2.Ng1f3 e6
3.Bc1f4 Bf8d6
4.Nf3e5 Ng8f6
5.e3 Nf6e4
6.Qd1g4 Qd8f6
7.Bf1d3 Nb8c6
8.Nb1d2 Bd6xe5
9.Nd2xe4 dxe4
10.dxe5 Nc6xe5
11.Bf4xe5 Qf6xe5
12.Qg4xe4 Qe5xb2
13.O-O Qb2f6
14.Bd3b5 Bc8d7
15.Bb5xd7 Kxd7
16.Rf1d1 Ke8
17.Qe4xb7 Ra8d8
18.Qb7xc7 Rd8xd1
{ resign }
0-1

[Event "Tourn. n8840"]
[Site "www.chess-mail.com"]
[Date "2016.07.12"]
[Round "1"]
[White "Faerieking"]
[Black "Raven16"]
[WhiteElo "2260"]
[BlackElo "2240"]
[Result "0-1"]
[Round "1"]
1.e4 e5
2.Ng1f3 Nb8c6
3.d4 exd4
4.Nf3xd4 Bf8c5
5.Nd4xc6 bxc6
6.Bf1d3 d6
7.O-O Ng8f6
8.h3 h6
9.Kh1 O-O
10.Nb1d2 Bc8e6
11.f4 a5
12.f5 Be6c8
13.a4 Bc8a6
14.Bd3xa6 Ra8xa6
15.Qd1f3 Rf8e8
16.Qf3d3 Ra6a8
17.b3 d5
18.Rf1e1 Bc5d6
19.Bc1b2 Bd6e5
20.Bb2xe5 Re8xe5
21.Qd3c3 Qd8e8
22.Ra1d1 dxe4
23.Nd2f3 Re5xf5
24.Nf3d4 Rf5d5
25.Nd4xc6 Ra8a6
26.Nc6d4 Ra6d6
{ resign }
0-1

[Event "Tourn. n8782"]
[Site "www.chess-mail.com"]
[Date "2016.07.12"]
[Round "1"]
[White "Claudia"]
[Black "Jesmantiz"]
[WhiteElo "1870"]
[BlackElo "1900"]
[Result "0-1"]
[Round "1"]
1.d4 f5
2.Nb1c3 d6
3.e4 g6
4.Bf1d3 fxe4
5.Nc3xe4 Bf8g7
6.Bc1g5 c6
7.c3 Ng8f6
8.h4 O-O
9.Qd1d2 Rf8f7
10.O-O-O Nb8d7
11.Ng1f3 b5
12.Rd1g1 Nd7b6
13.b3 a5
14.Ne4xf6 exf6
15.Bg5h6 Bg7h8
16.g4 Nb6d5
17.g5 f5
18.h5 b4
19.c4 Nd5c3
20.hxg6 hxg6
21.Nf3h4 a4
22.bxa4 Ra8xa4
23.Bd3b1 f4
24.Nh4xg6 Nc3xb1
25.Kxb1 Bc8f5
26.Kc1 Bf5xg6
{ resign }
0-1

[Event "Tourn. n8832"]
[Site "www.chess-mail.com"]
[Date "2016.07.12"]
[Round "1"]
[White "Julian"]
[Black "Genius9"]
[WhiteElo "2060"]
[BlackElo "1850"]
[Result "1-0"]
[Round "1"]
1.e4 c6
2.d4 d5
3.e5 Bc8f5
4.Bf1d3 Bf5xd3
5.Qd1xd3 Qd8a5
6.c3 Qa5a6
7.Ke2 e6
8.Ng1f3 Qa6xd3
9.Kxd3 Nb8d7
10.Bc1g5 h6
11.Bg5e3 c5
12.Nb1d2 cxd4
13.cxd4  { time }
1-0

[Event "Tourn. n8809"]
[Site "www.chess-mail.com"]
[Date "2016.07.12"]
[Round "1"]
[White "Gearoidmac"]
[Black "Tartan"]
[WhiteElo "2200"]
[BlackElo "2330"]
[Result "1/2-1/2"]
[Round "1"]
1.d4 d5
2.c4 e6
3.Nb1c3 Ng8f6
4.cxd5 exd5
5.Bc1g5 c6
6.e3 Bf8e7
7.Qd1c2 Nb8d7
8.Bf1d3 O-O
9.Ng1f3 h6
10.Bg5h4 Rf8e8
11.Bh4g3 Nf6h5
12.Bg3e5 Nh5f6
13.Be5f4 Nf6h5
14.Bf4e5 Nh5f6
15.Be5g3 Nf6h5
16.Bg3e5 Nh5f6
17.Be5g3 { draw }
1/2-1/2